[Event "Calchess State Scholastics"]
[Site "Santa Clara"]
[Date "2004.03.20"]
[Round "1"]
[White "Harrington, Anyon"]
[Black "Chen, Rick"]
[Result "1-0"]
[WhiteElo "1530"]
[BlackElo "1039"]
[PlyCount "47"]
[EventDate "2004.03.20"]
[EventType "team-tourn"]
[EventRounds "6"]
[EventCountry "USA"]
[SourceTitle "EXT 2007"]
[Source "ChessBase"]
[SourceDate "2006.11.23"]
[SourceVersion "1"]
[SourceVersionDate "2006.11.23"]
[SourceQuality "1"]

1. e4 e5 2. Nf3 Nf6 3. Nxe5 Nxe4 4. Qe2 Qe7 5. Qxe4 d6 6. d4 dxe5 7. dxe5 Nc6 8. Bb5 Bd7 9. 0-0 0-0-0 10. Nc3 Nxe5 11. Re1 Bxb5 12. Nxb5 Qc5 13. Nxa7+ Qxa7 14. Qxe5 Bc5 15. Be3 Bxe3 16. Rxe3 Rd2 17. Rae1 Qa4 18. Qxg7 Rhd8 19. Qxf7 Qxc2 20. Rc3 R2d7 21. Qxd7+ Rxd7 22. Re8+ Rd8 23. Rxd8+ Kxd8 24. Rxc2 1-0